000 00367nam a2200145Ia 4500
008 230917s9999||||xx |||||||||||||| ||und||
040 _e246922
_aMAIN
041 _aEnglish
082 _a181.4 T188C
100 _aTater, Sohan Raj
245 0 _aCharvak darshan ke vividh aayam. 2V
260 _aJaipur
_bPareek Publications
_c2018
300 _av. p.
942 _cBK
999 _c168614
_d168614